| Tag |
First Indicator |
Second Indicator |
Subfields |
| LEADER |
00000cam a2200000Ii 4500 |
| 001 |
in00003839721 |
| 005 |
20211120182224.0 |
| 006 |
m o d f |
| 007 |
cr ||||||||||| |
| 008 |
170518e197411 vaua ot f001 0 eng d |
| 035 |
|
|
|a (OCoLC)ocn987448161
|
| 040 |
|
|
|a GPO
|b eng
|e rda
|e pn
|c GPO
|d MvI
|d UtOrBLW
|
| 043 |
|
|
|a n-us---
|
| 049 |
|
|
|a WWW
|
| 074 |
|
|
|a 0330-E-04 (online)
|
| 086 |
0 |
|
|a D 101.60/9:79-36
|
| 100 |
1 |
|
|a Sitterson, John D.,
|e author.
|
| 245 |
1 |
0 |
|a Development of criteria dimensions for evaluation of performance and career development of entry-level officers /
|c John D Sitterson, Warren P. Davis, and Arthur L. Korotkin.
|
| 264 |
|
1 |
|a Alexandria, VA :
|b U.S. Army Research Institute for the Behavioral and Social Sciences,
|c November 1974.
|
| 300 |
|
|
|a 1 online resource (40 unnumbered pages) :
|b illustrations.
|
| 336 |
|
|
|a text
|b txt
|2 rdacontent
|
| 337 |
|
|
|a computer
|b c
|2 rdamedia
|
| 338 |
|
|
|a online resource
|b cr
|2 rdacarrier
|
| 490 |
1 |
|
|a Research note ;
|v 79-36
|
| 588 |
|
|
|a Description based on online resource; title from PDF cover page (DTIC, viewed March 16, 2017).
|
| 513 |
|
|
|a Final technical report.
|
| 500 |
|
|
|a "November 1975."
|
| 500 |
|
|
|a "Reprinted December 1979."
|
| 500 |
|
|
|a "Performing organization: American Institutes for Research"--Report documnetation page.
|
| 536 |
|
|
|b DAHC19-75-C-0003
|d 2Q162107A712
|
| 610 |
1 |
0 |
|a United States.
|b Army
|x Personnel management.
|0 http://id.loc.gov/authorities/subjects/sh85140687
|
| 610 |
1 |
0 |
|a United States.
|b Army
|v Job descriptions.
|0 http://id.loc.gov/authorities/subjects/sh85140653
|
| 650 |
|
0 |
|a Job analysis.
|0 http://id.loc.gov/authorities/subjects/sh85070573
|
| 650 |
|
0 |
|a Career development
|z United States.
|0 http://id.loc.gov/authorities/subjects/sh2008100125
|
| 700 |
1 |
|
|a Davis, Warren P.,
|e author.
|
| 700 |
1 |
|
|a Korotkin, Arthur L.,
|e author.
|
| 710 |
2 |
|
|a American Institutes for Research,
|e performing organization.
|0 http://id.loc.gov/authorities/names/n79067898
|
| 710 |
2 |
|
|a U.S. Army Research Institute for the Behavioral and Social Sciences,
|e issuing body.
|0 http://id.loc.gov/authorities/names/n80021398
|
| 776 |
0 |
8 |
|i Print version:
|t Development of Criteria Dimensions for Evaluation of Performance and Career Development of Entry-Level Officers
|w (OCoLC)227439975
|
| 830 |
|
0 |
|a ARI research note ;
|v 79-36.
|0 http://id.loc.gov/authorities/names/no00078847
|
| 856 |
4 |
0 |
|u https://purl.fdlp.gov/GPO/gpo78523
|t 0
|
| 999 |
f |
f |
|s ecb7b48a-5e67-3378-b5a2-5af96bc7d605
|i 7785f8fb-6bb8-3f43-9fc1-a4d6e33225c2
|t 0
|
| 952 |
f |
f |
|a Texas A&M University
|b College Station
|c Electronic Resources
|d Available Online
|t 0
|e D 101.60/9:79-36
|h Superintendent of Documents classification
|
| 998 |
f |
f |
|a D 101.60/9:79-36
|t 0
|l Available Online
|